[Event "Titled Tuesday intern op 19th Sep Late"]
[Site "Chess.com INT"]
[Date "2023.09.19"]
[Round "1"]
[White "Jimenez Ruano, Adrian"]
[Black "Saveliev, Alexei"]
[Result "0-1"]
[WhiteElo "2251"]
[BlackElo "2366"]
[PlyCount "62"]
[EventDate "2023.09.19"]
[EventType "swiss (blitz)"]
[EventRounds "11"]
[EventCountry "USA"]
[SourceTitle "EXT 2024"]
[Source "ChessBase"]
[SourceDate "2023.10.10"]
[SourceVersion "1"]
[SourceVersionDate "2023.10.10"]
[SourceQuality "1"]

1. Nf3 g6 2. c4 Bg7 3. Nc3 d6 4. d4 Nc6 5. e3 Nf6 6. Be2 0-0 7. 0-0 Nd7 8. b3 e5 9. Bb2 f5 10. dxe5 Ndxe5 11. Nxe5 Nxe5 12. Qc2 Be6 13. Rad1 Qe7 14. Na4 b6 15. b4 a5 16. c5 axb4 17. cxd6 cxd6 18. Nxb6 Rxa2 19. Rd4 d5 20. Ra1 Rxa1+ 21. Bxa1 Qb7 22. Qc5 b3 23. Qd6 Bf7 24. Rb4 Qb8 25. Qc5 d4 26. Bxd4 Rd8 27. h3 h5 28. Qc3 Qd6 29. f4 Nc6 30. Bxg7 Qxb4 31. Bh6 Qxc3 0-1

[Event "Titled Tuesday intern op 19th Sep Late"]
[Site "Chess.com INT"]
[Date "2023.09.19"]
[Round "2"]
[White "Sidorika, Vladislav"]
[Black "Jimenez Ruano, Adrian"]
[Result "1-0"]
[WhiteElo "2294"]
[BlackElo "2251"]
[PlyCount "155"]
[EventDate "2023.09.19"]
[EventType "swiss (blitz)"]
[EventRounds "11"]
[EventCountry "USA"]
[SourceTitle "EXT 2024"]
[Source "ChessBase"]
[SourceDate "2023.10.10"]
[SourceVersion "1"]
[SourceVersionDate "2023.10.10"]
[SourceQuality "1"]

1. c4 Nf6 2. g3 c6 3. Bg2 Na6 4. Nf3 Nc7 5. 0-0 g6 6. b3 Bg7 7. Bb2 0-0 8. d4 d5 9. Nc3 Bf5 10. Rc1 Ne4 11. e3 Re8 12. Nd2 Nxc3 13. Bxc3 Bd3 14. Re1 a5 15. a3 Qd6 16. c5 Qd7 17. Nf3 Be4 18. Qd2 f6 19. Bxa5 Nb5 20. a4 Nc7 21. Bxc7 Qxc7 22. Qc3 e5 23. Nd2 Bxg2 24. Kxg2 f5 25. dxe5 Rxe5 26. Qd3 Rd8 27. b4 Qf7 28. b5 d4 29. exd4 Red5 30. Nf3 Bxd4 31. bxc6 bxc6 32. Qc4 Bf6 33. Re2 g5 34. Rce1 g4 35. Ng1 Kg7 36. Re6 Rc8 37. Qa6 Qd7 38. Qb6 Rc7 39. h3 Kg6 40. hxg4 fxg4 41. Ne2 Kf7 42. Nf4 Rf5 43. Qb8 Rb7 44. Qa8 Ra7 45. Qxc6 Qxc6+ 46. Rxc6 Bc3 47. Rh6 Kg7 48. Rd6 Bxe1 49. c6 Rc5 50. Rd1 Bb4 51. Ne6+ Kf6 52. Nxc5 Bxc5 53. Rc1 Bb6 54. Rc4 Bc7 55. Rxg4 Kf5 56. Rc4 Ke5 57. Kf3 Kd5 58. Rh4 Kxc6 59. Rh6+ Kd5 60. Rxh7 Kd6 61. Rh4 Bd8 62. Re4 Kd5 63. Rf4 Bc7 64. Rf5+ Ke6 65. Rh5 Rxa4 66. Rh6+ Kd7 67. g4 Be5 68. Rg6 Rf4+ 69. Kg2 Rf7 70. f3 Ke7 71. Ra6 Bf4 72. Kh3 Kf8 73. Ra4 Rh7+ 74. Kg2 Rh2+ 75. Kg1 Re2 76. Rxf4+ Kg7 77. Re4 Kg6 78. Rxe2 1-0

[Event "Titled Tuesday intern op 11th Jul Late"]
[Site "Chess.com INT"]
[Date "2023.07.11"]
[Round "5"]
[White "Jimenez Ruano, Adrian"]
[Black "Gavrilin, Roman"]
[Result "0-1"]
[WhiteElo "2250"]
[BlackElo "2156"]
[PlyCount "94"]
[EventDate "2023.07.11"]
[EventType "swiss (blitz)"]
[EventRounds "11"]
[EventCountry "USA"]
[SourceTitle "EXT 2024"]
[Source "ChessBase"]
[SourceDate "2023.10.10"]
[SourceVersion "1"]
[SourceVersionDate "2023.10.10"]
[SourceQuality "1"]

1. Nf3 Nf6 2. c4 e6 3. b3 b6 4. Bb2 Bb7 5. Nc3 Be7 6. e3 0-0 7. Be2 d6 8. 0-0 Nbd7 9. Qc2 d5 10. cxd5 Nxd5 11. Rac1 Rc8 12. Nxd5 exd5 13. d3 c5 14. e4 Bf6 15. Bxf6 Qxf6 16. Rfe1 Rfe8 17. Bf1 Ne5 18. Nxe5 Qxe5 19. Qd2 Qd4 20. Qf4 dxe4 21. dxe4 Rxe4 22. Qf5 Rce8 23. Rxe4 Qxe4 24. Qd7 Qc6 25. Qg4 Qe6 26. Qg3 h6 27. h3 Qe5 28. Qg4 Qg5 29. Qd7 Qe7 30. Qg4 Rd8 31. Qf4 Qg5 32. Qc7 Qd2 33. Rc4 Ba6 34. Rc1 Bxf1 35. Rxf1 Qd7 36. Qf4 Qd5 37. Qh4 Rd6 38. Re1 Rg6 39. f3 Qxf3 40. Qd8+ Kh7 41. Qd2 Qf6 42. Re3 Qc6 43. Qf2 b5 44. Re2 Rf6 45. Qe3 c4 46. bxc4 Qxc4 47. h4 Re6 0-1

[Event "Titled Tuesday intern op 11th Jul Early"]
[Site "Chess.com INT"]
[Date "2023.07.11"]
[Round "5"]
[White "Tologontegin, Semetey"]
[Black "Jimenez Ruano, Adrian"]
[Result "1-0"]
[WhiteElo "2368"]
[BlackElo "2250"]
[PlyCount "79"]
[EventDate "2023.07.11"]
[EventType "swiss (blitz)"]
[EventRounds "11"]
[EventCountry "USA"]
[SourceTitle "EXT 2024"]
[Source "ChessBase"]
[SourceDate "2023.10.10"]
[SourceVersion "1"]
[SourceVersionDate "2023.10.10"]
[SourceQuality "1"]

1. Nf3 d5 2. b3 c5 3. Bb2 Nc6 4. g3 Nf6 5. Bg2 e6 6. c4 d4 7. e3 e5 8. exd4 exd4 9. 0-0 Be7 10. Re1 0-0 11. d3 h6 12. Nbd2 Bf5 13. Qb1 Re8 14. Ne5 Qc7 15. Nxc6 bxc6 16. Ne4 Nd7 17. Qc2 Bg6 18. Bc1 f5 19. Bf4 Qb6 20. Nd6 Bxd6 21. Bxd6 Nf6 22. h3 Qa5 23. Kf1 Rad8 24. Be5 f4 25. Bxc6 Re6 26. Bxf6 Rxf6 27. Bd5+ Rxd5 28. cxd5 fxg3 29. Re2 Qb5 30. Rd1 Bh5 31. Rdd2 Qd7 32. Kg2 Qxd5+ 33. Re4 Bf3+ 34. Kxg3 Qg5+ 35. Rg4 Bxg4 36. hxg4 Rf4 37. Qc4+ Kh7 38. Qe6 h5 39. f3 hxg4 40. Rh2+ 1-0

[Event "Torredembarra op 23rd"]
[Site "Torredembarra"]
[Date "2023.07.09"]
[Round "9"]
[White "Aloma Vidal, Roberto"]
[Black "Jimenez Ruano, Adrian"]
[Result "1-0"]
[WhiteElo "2446"]
[BlackElo "2250"]
[PlyCount "49"]
[EventDate "2023.07.01"]
[EventType "swiss"]
[EventRounds "9"]
[EventCountry "ESP"]
[SourceTitle "CBM 215 Extra"]
[Source "ChessBase"]
[SourceDate "2023.09.30"]
[SourceVersion "1"]
[SourceVersionDate "2023.09.30"]
[SourceQuality "1"]

1. c4 e5 2. e3 Nf6 3. Nc3 Bb4 4. Qc2 0-0 5. Nf3 Bxc3 6. Qxc3 e4 7. Nd4 d5 8. b4 c6 9. Bb2 Re8 10. Be2 Nbd7 11. c5 Ne5 12. h3 Nfd7 13. 0-0 Nf8 14. f4 exf3 15. Nxf3 Nxf3+ 16. Rxf3 f6 17. Raf1 Ng6 18. Bd1 Be6 19. Qd4 Ne5 20. Rg3 Bf7 21. h4 b6 22. h5 bxc5 23. bxc5 Nd7 24. Qg4 g6 25. hxg6 1-0

[Event "Torredembarra op 23rd"]
[Site "Torredembarra"]
[Date "2023.07.05"]
[Round "5"]
[White "Ventura Bolet, Maxim"]
[Black "Jimenez Ruano, Adrian"]
[Result "1/2-1/2"]
[WhiteElo "2204"]
[BlackElo "2250"]
[PlyCount "79"]
[EventDate "2023.07.01"]
[EventType "swiss"]
[EventRounds "9"]
[EventCountry "ESP"]
[SourceTitle "CBM 215 Extra"]
[Source "ChessBase"]
[SourceDate "2023.09.30"]
[SourceVersion "1"]
[SourceVersionDate "2023.09.30"]
[SourceQuality "1"]

1. c4 e5 2. e3 Nf6 3. Nc3 Bb4 4. Nge2 0-0 5. a3 Be7 6. d4 d6 7. Ng3 c6 8. d5 c5 9. Be2 Ne8 10. e4 Bg5 11. 0-0 g6 12. Bxg5 Qxg5 13. Qc1 Qf4 14. Bd1 Nd7 15. Ba4 a6 16. b4 Nef6 17. Nge2 Qh4 18. f3 Nh5 19. Qe3 cxb4 20. axb4 Nf4 21. Bxd7 Nxe2+ 22. Nxe2 Bxd7 23. Qb6 Qe7 24. c5 Bb5 25. Rfe1 dxc5 26. bxc5 Rac8 27. Rac1 Rfd8 28. Ng3 h5 29. Nf1 Qc7 30. Qxc7 Rxc7 31. d6 Rc6 32. Ne3 b6 33. cxb6 Rxb6 34. d7 Rxd7 35. Nd5 Rbd6 36. Rc8+ Kg7 37. Rec1 Rd8 38. R8c7 R8d7 39. Rc8 Rd8 40. R8c7 1/2-1/2

[Event "Torredembarra op 23rd"]
[Site "Torredembarra"]
[Date "2023.07.03"]
[Round "3"]
[White "Lorca Cortada, David"]
[Black "Jimenez Ruano, Adrian"]
[Result "0-1"]
[WhiteElo "1973"]
[BlackElo "2250"]
[PlyCount "40"]
[EventDate "2023.07.01"]
[EventType "swiss"]
[EventRounds "9"]
[EventCountry "ESP"]
[SourceTitle "CBM 215 Extra"]
[Source "ChessBase"]
[SourceDate "2023.09.30"]
[SourceVersion "1"]
[SourceVersionDate "2023.09.30"]
[SourceQuality "1"]

1. d4 Nf6 2. c4 e6 3. Nc3 Bb4 4. Nf3 0-0 5. Bg5 h6 6. Bh4 d5 7. Qb3 c5 8. dxc5 Nc6 9. e3 g5 10. Bg3 Ne4 11. Bd3 Nxc5 12. Qd1 dxc4 13. Bxc4 Qxd1+ 14. Rxd1 Na4 15. Bd6 Nxb2 16. Bxb4 Nxb4 17. Bb3 Nxd1 18. Kxd1 Rd8+ 19. Ke2 b6 20. h4 Ba6+ 0-1

[Event "Foment Martinenc op-A 23rd"]
[Site "Barcelona"]
[Date "2023.05.27"]
[Round "6"]
[White "Jimenez Ruano, Adrian"]
[Black "Villa Tornero, Alex"]
[Result "1/2-1/2"]
[WhiteElo "2208"]
[BlackElo "2216"]
[PlyCount "80"]
[EventDate "2023.04.22"]
[EventType "swiss"]
[EventRounds "9"]
[EventCountry "ESP"]
[SourceTitle "EXT 2024"]
[Source "ChessBase"]
[SourceDate "2023.10.10"]
[SourceVersion "1"]
[SourceVersionDate "2023.10.10"]
[SourceQuality "1"]

1. d4 Nf6 2. c4 c5 3. d5 e6 4. Nc3 exd5 5. cxd5 d6 6. e4 g6 7. f4 Bg7 8. Bb5+ Nfd7 9. Be2 Qh4+ 10. g3 Qd8 11. Nf3 0-0 12. 0-0 Re8 13. Qc2 a6 14. a4 Bd4+ 15. Kg2 Nf6 16. Bd3 Qd7 17. Nxd4 cxd4 18. Ne2 Qh3+ 19. Kg1 Nbd7 20. f5 Ng4 21. Nf4 Qh6 22. Ne6 Qh3 23. Nc7 Nde5 24. Nxe8 Nxd3 25. Nf6+ Nxf6 26. Qxd3 gxf5 27. exf5 Bd7 28. Qd2 Ng4 29. Qg2 Qxg2+ 30. Kxg2 Rc8 31. h3 Nf6 32. Bh6 Rc2+ 33. Rf2 Bxf5 34. Rxc2 Bxc2 35. Rc1 d3 36. Rf1 Ne4 37. Rf4 d2 38. Rg4+ Kh8 39. Bg7+ Kg8 40. Bh6+ Kh8 1/2-1/2

[Event "Foment Martinenc op-A 23rd"]
[Site "Barcelona"]
[Date "2023.05.13"]
[Round "4"]
[White "Sanchez Aguilar, Arnau"]
[Black "Jimenez Ruano, Adrian"]
[Result "1/2-1/2"]
[WhiteElo "2072"]
[BlackElo "2208"]
[PlyCount "105"]
[EventDate "2023.04.22"]
[EventType "swiss"]
[EventRounds "9"]
[EventCountry "ESP"]
[SourceTitle "EXT 2024"]
[Source "ChessBase"]
[SourceDate "2023.10.10"]
[SourceVersion "1"]
[SourceVersionDate "2023.10.10"]
[SourceQuality "1"]

1. d4 d5 2. Nf3 c5 3. c4 dxc4 4. e3 e6 5. Bxc4 Nf6 6. 0-0 Nc6 7. Nc3 a6 8. a4 Be7 9. dxc5 Qxd1 10. Rxd1 Bxc5 11. Nd2 Ke7 12. Nde4 Bb4 13. Bd2 Rd8 14. Nxf6 gxf6 15. Rac1 Bd7 16. Be2 Rac8 17. Bf3 Ba5 18. g3 Be8 19. Be1 Rxd1 20. Rxd1 Rd8 21. Rxd8 Kxd8 22. Kf1 f5 23. h4 Kc7 24. h5 Ne5 25. Be2 Bb6 26. e4 fxe4 27. Nxe4 Bxa4 28. Bc3 Nd7 29. Ng5 Bc2 30. Nxf7 Nc5 31. g4 Ne4 32. Be5+ Kd7 33. g5 Ke7 34. g6 hxg6 35. h6 g5 36. h7 Nd2+ 37. Ke1 Bxh7 38. Nxg5 Ba5 39. Bc3 Bxc3 40. bxc3 Ne4 41. Nxh7 Nxc3 42. Bf3 b5 43. Kd2 Na4 44. Ng5 Kf6 45. Ne4+ Ke5 46. Ke3 Nb6 47. Nc5 a5 48. Kd3 Nc4 49. Nb7 Kf4 50. Bh5 e5 51. Be8 e4+ 52. Kd4 e3 53. fxe3+ 1/2-1/2

[Event "Catalunya-chT Gp2"]
[Site "Barcelona"]
[Date "2023.02.04"]
[Round "3.6"]
[White "Escandell, Juan C"]
[Black "Jimenez Ruano, Adrian"]
[Result "1-0"]
[WhiteElo "2159"]
[BlackElo "2225"]
[PlyCount "95"]
[EventDate "2023.01.21"]
[EventType "team-tourn"]
[EventRounds "7"]
[EventCountry "ESP"]
[SourceTitle "CBM 213 Extra"]
[Source "ChessBase"]
[SourceDate "2023.05.31"]
[SourceVersion "1"]
[SourceVersionDate "2023.05.31"]
[SourceQuality "1"]
[WhiteTeam "Cerdanyola Valles"]
[BlackTeam "Colon Sabadell"]
[WhiteTeamCountry "ESP"]
[BlackTeamCountry "ESP"]

1. e4 c5 2. Nf3 d6 3. d4 cxd4 4. Nxd4 Nf6 5. Nc3 a6 6. Be2 e5 7. Nb3 Be7 8. Be3 Be6 9. Nd5 Nxd5 10. exd5 Bf5 11. Qd2 Nd7 12. c4 0-0 13. Na5 Qc7 14. 0-0 Bg6 15. Rac1 f5 16. f3 Nf6 17. Bf2 Rae8 18. c5 dxc5 19. d6 Qd7 20. Nc4 Bd8 21. Bxc5 Bf7 22. Nb6 Bxb6 23. Bxb6 Bd5 24. Rfd1 Rc8 25. b3 Qxd6 26. Qa5 Qe6 27. Rxc8 Rxc8 28. Bd8 b6 29. Bxb6 Kh8 30. Be3 Bb7 31. Qb6 Qxb6 32. Bxb6 Nd5 33. Bxa6 Bxa6 34. Rxd5 Rc1+ 35. Kf2 Rc2+ 36. Kg3 f4+ 37. Kh3 g5 38. Kg4 Rxg2+ 39. Kf5 Rxh2 40. Rxe5 Rh5 41. Bd4 Bc8+ 42. Kf6 Bd7 43. Ke7 Kg8 44. Kxd7 h6 45. Ke6 Rh3 46. Kf6 Kf8 47. Bc5+ Kg8 48. Kg6 1-0

[Event "ESP-chT CECLUB Honor"]
[Site "Linares"]
[Date "2022.09.22"]
[Round "6.1"]
[White "Jimenez Ruano, Adrian"]
[Black "Alonso Rosell, Alvar"]
[Result "0-1"]
[WhiteElo "2264"]
[BlackElo "2564"]
[PlyCount "82"]
[EventDate "2022.09.17"]
[EventType "team-tourn"]
[EventRounds "7"]
[EventCountry "ESP"]
[SourceTitle "CBM 210 Extra"]
[Source "ChessBase"]
[SourceDate "2022.11.30"]
[SourceVersion "1"]
[SourceVersionDate "2022.11.30"]
[SourceQuality "1"]
[WhiteTeam "Barcelona CE"]
[BlackTeam "Silla 60 Aniversario"]
[WhiteTeamCountry "ESP"]
[BlackTeamCountry "ESP"]

1. e4 c5 2. Nf3 Nc6 3. Bb5 g6 4. 0-0 Bg7 5. Bxc6 dxc6 6. d3 e5 7. Be3 Qe7 8. Nc3 Bg4 9. a3 Nf6 10. b4 Nd7 11. h3 Bxf3 12. Qxf3 cxb4 13. axb4 Qxb4 14. Ne2 Qd6 15. c3 0-0 16. d4 a5 17. Rfd1 b5 18. Qg3 Qe7 19. d5 c5 20. Rdb1 b4 21. Bd2 Rfc8 22. Ra2 Nb6 23. Be1 Qd6 24. Qg5 Nc4 25. Qc1 Qb6 26. cxb4 cxb4 27. Bxb4 Rab8 28. Rc2 Nd6 29. Bxd6 Rxc2 30. Qxc2 Qxb1+ 31. Qxb1 Rxb1+ 32. Kh2 Rb7 33. Nc3 f6 34. f4 exf4 35. Bxf4 Kf7 36. Kg1 Rb3 37. Na4 Bf8 38. d6 Rd3 39. Nc5 Rd1+ 40. Kf2 Bxd6 41. Ke2 Rd4 0-1

[Event "Sant Adria de Besos op"]
[Site "Sant Adria de Besos"]
[Date "2022.08.15"]
[Round "6"]
[White "Cruz Estrada, Filemon"]
[Black "Jimenez Ruano, Adrian"]
[Result "1/2-1/2"]
[WhiteElo "2316"]
[BlackElo "2278"]
[PlyCount "83"]
[EventDate "2022.08.11"]
[EventType "swiss"]
[EventRounds "9"]
[EventCountry "ESP"]
[SourceTitle "CBM 209 Extra"]
[Source "ChessBase"]
[SourceDate "2022.09.30"]
[SourceVersion "1"]
[SourceVersionDate "2022.09.30"]
[SourceQuality "1"]

1. Nf3 d5 2. c4 e6 3. d4 Nf6 4. Nc3 Bb4 5. e3 0-0 6. Bd2 b6 7. Rc1 Bb7 8. cxd5 exd5 9. Be2 a6 10. Ne5 Bd6 11. f4 c5 12. 0-0 Nc6 13. dxc5 bxc5 14. Nxc6 Bxc6 15. Bd3 Re8 16. Bb1 Bf8 17. Ne2 d4 18. exd4 Qd5 19. Rf3 Qh5 20. Rcc3 Bxf3 21. Rxf3 cxd4 22. Bd3 Qd5 23. b3 a5 24. Be1 Re3 25. Rf1 Qh5 26. Qc2 Rae8 27. Ng3 Qc5 28. Qd1 Nd5 29. Bf2 Qc3 30. Bxh7+ Kxh7 31. Qh5+ Kg8 32. Qxd5 R3e6 33. f5 Re5 34. Qxd4 Qxd4 35. Bxd4 Rd5 36. Bf2 Rd2 37. f6 Rxa2 38. Nh5 Re6 39. Bd4 gxf6 40. Rf3 Bd6 41. Bc3 Bc5+ 42. Kf1 1/2-1/2

[Event "Sant Adria de Besos op"]
[Site "Sant Adria de Besos"]
[Date "2022.08.11"]
[Round "1"]
[White "Jimenez Ruano, Adrian"]
[Black "Romeu Viladot, Emili"]
[Result "1-0"]
[WhiteElo "2278"]
[BlackElo "1960"]
[PlyCount "49"]
[EventDate "2022.08.11"]
[EventType "swiss"]
[EventRounds "9"]
[EventCountry "ESP"]
[SourceTitle "CBM 209 Extra"]
[Source "ChessBase"]
[SourceDate "2022.09.30"]
[SourceVersion "1"]
[SourceVersionDate "2022.09.30"]
[SourceQuality "1"]

1. Nf3 d5 2. d4 Nf6 3. c4 dxc4 4. e3 Bg4 5. Bxc4 e6 6. Qb3 Bxf3 7. gxf3 Qc8 8. Rg1 a6 9. Nc3 b5 10. Bd3 Nbd7 11. a4 c6 12. Ne4 Nd5 13. Bd2 g6 14. Rc1 Qb7 15. Ng5 h6 16. Nxe6 fxe6 17. Rxg6 Nc7 18. Rxe6+ Be7 19. Rexc6 Rc8 20. Bg6+ Kd8 21. Ba5 Nf6 22. Rxc7 Rxc7 23. Rxc7 Qxf3 24. Ra7+ Kc8 25. Qc2+ 1-0

[Event "Barcelona IM 7th"]
[Site "Barcelona"]
[Date "2022.08.07"]
[Round "8"]
[White "Jimenez Ruano, Adrian"]
[Black "Alcala Gonzalez, Cesar"]
[Result "1-0"]
[WhiteElo "2283"]
[BlackElo "2197"]
[PlyCount "57"]
[EventDate "2022.07.31"]
[EventType "tourn"]
[EventRounds "9"]
[EventCountry "ESP"]
[EventCategory "2"]
[SourceTitle "CBM 209 Extra"]
[Source "ChessBase"]
[SourceDate "2022.09.30"]
[SourceVersion "1"]
[SourceVersionDate "2022.09.30"]
[SourceQuality "1"]

1. d4 d5 2. c4 c6 3. cxd5 cxd5 4. Bg5 h6 5. Bh4 Qb6 6. Nc3 Qxb2 7. Nxd5 e6 8. Rb1 Qa3 9. Qc2 Na6 10. e4 Bd7 11. Bxa6 exd5 12. Bxb7 Bb4+ 13. Kf1 Rb8 14. Bxd5 Ne7 15. Bc4 0-0 16. Qd3 Qa5 17. f3 Bd6 18. Rxb8 Rxb8 19. Ne2 Rb2 20. Be1 Qg5 21. Bc3 Rb8 22. h4 Qg6 23. h5 Qg5 24. Bd2 Rb1+ 25. Kf2 Bg3+ 26. Nxg3 Rb2 27. Rd1 Ba4 28. Bb3 Bb5 29. Qc3 1-0

[Event "Barcelona IM 7th"]
[Site "Barcelona"]
[Date "2022.08.06"]
[Round "7"]
[White "Jimenez Ruano, Adrian"]
[Black "Berdayes Ason, Dylan Isidro"]
[Result "0-1"]
[WhiteElo "2283"]
[BlackElo "2480"]
[PlyCount "130"]
[EventDate "2022.07.31"]
[EventType "tourn"]
[EventRounds "9"]
[EventCountry "ESP"]
[EventCategory "2"]
[SourceTitle "CBM 209 Extra"]
[Source "ChessBase"]
[SourceDate "2022.09.30"]
[SourceVersion "1"]
[SourceVersionDate "2022.09.30"]
[SourceQuality "1"]

1. d4 Nf6 2. c4 e6 3. Nc3 Bb4 4. e3 0-0 5. Bd3 d5 6. Nf3 dxc4 7. Bxc4 c5 8. 0-0 Nc6 9. a3 Ba5 10. Qd3 a6 11. Ne4 cxd4 12. exd4 Nxe4 13. Qxe4 h6 14. Bf4 Ne7 15. b4 Bb6 16. Bd3 f5 17. Qe2 Nd5 18. Be5 Bd7 19. Rfc1 Ba4 20. Nd2 Qg5 21. b5 axb5 22. Nf3 Qe7 23. Bxb5 Bxb5 24. Qxb5 Rxa3 25. Rxa3 Qxa3 26. Re1 Qe7 27. h4 Qe8 28. Qb3 Qc6 29. h5 Bd8 30. Nd2 Ba5 31. Qg3 Qd7 32. Re2 Bxd2 33. Rxd2 Ra8 34. Rb2 b6 35. Rb3 Ra7 36. Qg6 Qf7 37. Rg3 Qxg6 38. Rxg6 b5 39. Rxe6 Rb7 40. Rd6 Nb6 41. d5 b4 42. Rd8+ Kf7 43. d6 b3 44. Kh2 Nd7 45. Bb2 Ke6 46. Re8+ Kxd6 47. Bxg7 b2 48. Bxb2 Rxb2 49. Rh8 Rxf2 50. Rxh6+ Ke5 51. Ra6 Nf6 52. h6 Rb2 53. Kg3 Rb3+ 54. Kh4 Rb4+ 55. Kg3 Rg4+ 56. Kf3 Rh4 57. Ra5+ Ke6 58. Ra6+ Kf7 59. g3 Rxh6 60. Ra7+ Kg6 61. Rb7 Rh1 62. Ra7 Rh2 63. Ra6 Kg5 64. Ra5 Rb2 65. Re5 Rf2+ 0-1

[Event "Benasque op 41st"]
[Site "Benasque"]
[Date "2022.07.10"]
[Round "5"]
[White "Garriga Cazorla, Pere"]
[Black "Jimenez Ruano, Adrian"]
[Result "1-0"]
[WhiteElo "2505"]
[BlackElo "2283"]
[PlyCount "51"]
[EventDate "2022.07.06"]
[EventType "swiss"]
[EventRounds "10"]
[EventCountry "ESP"]
[SourceTitle "EXT 2023"]
[Source "ChessBase"]
[SourceDate "2022.10.05"]
[SourceVersion "1"]
[SourceVersionDate "2022.10.05"]
[SourceQuality "1"]

1. Nf3 d5 2. g3 Nf6 3. Bg2 c5 4. c4 Nc6 5. cxd5 Nxd5 6. Nc3 Nxc3 7. bxc3 e5 8. 0-0 Be7 9. Rb1 0-0 10. d3 Rb8 11. Nd2 Na5 12. c4 b6 13. Bb2 Qc7 14. Ne4 Bb7 15. Nc3 Bxg2 16. Kxg2 Bd6 17. Nd5 Qd7 18. f4 Rbe8 19. e4 f5 20. Qe2 Nc6 21. Rbe1 Kh8 22. Qh5 g6 23. Qh4 Kg7 24. exf5 Rxf5 25. g4 Rf7 26. g5 1-0